| 000 | 02208cad a22002655a 4500 | ||
|---|---|---|---|
| 001 | L149534 | ||
| 008 | 100316s20100306xxk f 000 0 eng d | ||
| 020 | _a9781409822615 | ||
| 035 | _a(Sirsi) u149534 | ||
| 041 | 0 | _aeng | |
| 050 | 0 | 4 | _a333.72 |
| 110 | 2 |
_aUnited Kingdom _bDepartment for Communities and Local Government _94939 |
|
| 245 | 0 | 0 |
_aConsultation paper on a new Planning Policy Statement _bplanning for a natural and healthy environment _h[electronic resource] |
| 260 |
_aLondon _bCCLG _c2010 |
||
| 520 | _aThe proposed "Planning Policy Statement: Planning for a Natural and Healthy Environment" which sets out streamlined and consolidated planning policy relating to biodiversity and geological conservation, is seeking contributions. The proposed PPS would replace "Planning Policy Statement 9: Biodiversity and Geological Conservation" (PPS9) (L130648);"Planning Policy Statement 7: Sustainable Development in Rural Areas" (PPS7)) paragraphs 21-23, 28-29 and 33 relating to landscape protection, soil and agricultural land quality, and forestry;"Planning Policy Guidance 20: Coastal Planning" (PPG20) paragraphs 2.9, 2.10 and 3.9 relating to coastal access, heritage coast and the undeveloped coast and "Planning Policy Guidance 17: Planning for Open Space, Sport and Recreation" (PPG17) relating to open space, sport, recreation and play paragraphs. Proposed changes relate only to the strategic provision of green infrastructure and to the floodlighting of sports and recreational facilities. To be read in conjunction with "Draft government circular: biodiversity and geological conservation statutory obligations and their impact within the planning system" (L149536). | ||
| 590 | _aKA NTK | ||
| 650 | 2 | 4 | _aPLANNING POLICY STATEMENT NINE |
| 650 | 2 | 4 | _aPLANNING POLICY STATEMENT 7 (SUSTAINABLE DEVELOPMENT IN RURAL AREAS) |
| 650 | 2 | 4 | _aPPG20 |
| 650 | 2 | 4 | _aPLANNING POLICY GUIDANCE 17 |
| 651 | 4 |
_aEngland and Wales _y1543- |
|
| 690 | _aENVIRONMENTAL AND LAND CONSULTANCY-PLANNING AND DEVELOPMENT-PLANNING GUIDANCE | ||
| 856 | 4 | 8 |
_uhttps://www.communities.gov.uk/documents/planningandbuilding/pdf/1498981.pdf _zView this item free of charge at www.communities.gov.uk |
| 942 | _n0 | ||
| 999 |
_c110527 _d110527 |
||